000 00807nam a2200193Ia 4500
003 GCL
005 20240530102037.0
008 140319s9999 xx 000 0 ara d
040 _aGCL /
_cGCL
082 0 4 _a415.1
_bج ا
100 1 _aالسيوطى : جلال الدين ابوالفضل عبدالرحمن بن ابى بكر بن محمد الخضيرى
245 1 0 _aالاشباه والنظائر فى النحو /
_cالسيوطى : جلال الدين ابوالفضل عبدالرحمن بن ابى بكر بن محمد الخضيرى
260 _a[S.N] :
_bدار الكتب العلمية للنشر والتوزيع
300 _aمتعدد الترقيم
650 0 4 _aالنحو
650 0 4 _aاللغة العربية
650 0 4 _aعلم اللغة المقارن
942 _2ddc
_cBK
999 _c29383
_d29383